Opus theologica bellica. Omnes fere difficultates ad militam, tum terrestrem, tum maritiam pertinentes complectens...

Detalles Bibliográficos
Autor principal: SCHIARA ASTENSI, Antonio Tomás
Formato: Libro
Publicado: Roma 1703
Materias:
Colección:Banco de datos
Acervo:Biblioteca del Convento de San Pablo. Yuririahupándaro. Guanajuato
Descripción Física:[t. II]
Tema general:Teología
Notas:Buena. No identificadas 1 y 3. 2E, 3, 8 (716 1E3/6-2).
LEADER 00776nam a22002050004500
035 |a 34676 
036 |a 317 
100 1 |a SCHIARA ASTENSI, Antonio Tomás 
245 1 0 |a Opus theologica bellica. Omnes fere difficultates ad militam, tum terrestrem, tum maritiam pertinentes complectens... 
260 |a Roma  |b Cayetano Zenobio imp.  |c 1703 
300 |a [t. II] 
500 |a Buena. No identificadas 1 y 3. 2E, 3, 8 (716 1E3/6-2). 
650 1 0 |a Teología 
949 |a CRG-CY 
959 |a Ex convento de San Pablo, Museo Regional de Yuririahpúndaro, Guanajuato  |b CCC9 
960 |a Convento San Pablo Yuririahpúndaro, Guanajuato  |b DD86 
961 |a Agustina  |b OA 
942 |c CRG-CY 
943 |g Biblioteca del Convento de San Pablo. Yuririahupándaro. Guanajuato 
999 |c 955342  |d 955342